REIT then, what's a PAIF? (Record no. 80460)
[ view plain ]
| 000 -LEADER | |
|---|---|
| fixed length control field | 00874cab a22002055a 4500 |
| 001 - CONTROL NUMBER | |
| control field | L144410 |
| 008 - FIXED-LENGTH DATA ELEMENTS--GENERAL INFORMATION | |
| fixed length control field | 080717s2008 xxk f 000 0 eng d |
| 035 ## - SYSTEM CONTROL NUMBER | |
| System control number | (Sirsi) u144410 |
| 041 0# - LANGUAGE CODE | |
| Language code of text/sound track or separate title | eng |
| 100 1# - MAIN ENTRY--PERSONAL NAME | |
| Personal name | Ashman, Kevin |
| 245 00 - TITLE STATEMENT | |
| Title | REIT then, what's a PAIF? |
| 260 ## - PUBLICATION, DISTRIBUTION, ETC. | |
| Date of publication, distribution, etc. | 2008 |
| 490 #0 - SERIES STATEMENT | |
| Series statement | Lovells Real Estate Quarterly |
| Volume/sequential designation | Summer 2008 |
| 520 ## - SUMMARY, ETC. | |
| Summary, etc. | Reports that the property authorised investment fund (PAIF) was launched in the UK in April 2008. A PAIF is an open-ended investment company which has chosen to join the PAIF regime by giving notice to HMRC. Explains what it is and how it affects property tax. Covers: definition; drawbacks; advantages. |
| 590 ## - LOCAL NOTE (RLIN) | |
| Local note | KA |
| 650 24 - SUBJECT ADDED ENTRY--TOPICAL TERM | |
| Topical term or geographic name entry element | PROPERTY AUTHORISED INVESTMENT FUND (PAIF) |
| 651 #4 - SUBJECT ADDED ENTRY--GEOGRAPHIC NAME | |
| Geographic name | United Kingdom |
| Chronological subdivision | |
| 690 ## - LOCAL SUBJECT ADDED ENTRY--TOPICAL TERM (OCLC, RLIN) | |
| Topical term or geographic name as entry element | PROPERTY-PROPERTY FINANCE AND INVESTMENT-PROPERTY AUTHORISED INVESTMENT FUND |
| 942 ## - ADDED ENTRY ELEMENTS (KOHA) | |
| Suppress in OPAC | 0 |
| Withdrawn status | Lost status | Source of classification or shelving scheme | Damaged status | Not for loan | Home library | Current library | Shelving location | Date acquired | Total Checkouts | Full call number | Barcode | Date last seen | Copy number | Price effective from | Koha item type |
|---|---|---|---|---|---|---|---|---|---|---|---|---|---|---|---|
| Dewey Decimal Classification | London | London | Journal article | 17/07/2008 | L144410 | 144410-1001 | 06/08/2019 | 1 | 06/08/2019 | Journal article |